000 01260nam0a22002651 4500
001 rc\3153184
005 20120615103855.8
035 _a(NLR Aleph) 007297684
090 _a5677048
_c5677048
100 _a20120615d1976 |||y0rusy50 ca
101 0 _arus
102 _aRU
105 _ay z |||||
200 1 _aОтчет о командировке в Австрию [для участия в работе 26 совещания Международного электрохимического общества (МЭО) 21-26 сентября 1975 г.]
_fАН СССР. ВИНИТИ
210 _aМосква
_cБ. и.
_d1976
215 _a16 с.
_d21
300 _aПеред загл. авт.: Л.И. Кришталик; на 3-й с. - д. х. н. Л.И. Кришталик
333 _aДСП. Экз. № 9
532 1 3 _aОтчет о командировке в Австрию для участия в работе 26 совещания Международного электрохимического общества (МЭО) 21-26 сентября 1975 г.
700 1 _aКришталик
_bЛ. И.
_gЛев Исаевич
801 0 _aRU
_bNLR
_gpsbo
801 1 _aRU
_bELAR
_2rusmarc
852 _aNLR
_j76-50К/4273
942 _cBOOK
980 _aNB